[Event "10th Essent op"]
[Site "Hoogeveen NED"]
[Date "2006.10.23"]
[Round "4.26"]
[White "Ris, Robert"]
[Black "Cako, Laszlo"]
[Result "1-0"]
[WhiteElo "2367"]
[BlackElo "2174"]
[EventDate "2006.10.20"]
[PlyCount "65"]

1.d4 Nf6 2.c4 e6 3.Nf3 b6 4.g3 Ba6 5.b3 Bb4+ 6.Bd2 Be7 7.Bg2 c6 8.O-O d5 
9.Ne5 Nfd7 10.Nxd7 Nxd7 11.Bc3 Rc8 12.Nd2 O-O 13.e4 b5 14.Re1 dxc4 15.bxc4
bxc4 16.Qa4 Bb5 17.Qc2 Nb6 18.a4 Ba6 19.Rad1 Qc7 20.Nf1 Rfd8 21.Ne3 Bf8 
22.h4 Nd7 23.f4 Rb8 24.Qd2 Qb7 25.f5 Nc5 26.fxe6 Nxe6 27.d5 Nc5 28.Nf5 
cxd5 29.exd5 Nd3 30.d6 Qd7 31.Qg5 Bc8 32.Rf1 Qe6 33.Qxd8 1-0

[Event "10th Essent op"]
[Site "Hoogeveen NED"]
[Date "2006.10.23"]
[Round "4.27"]
[White "Bednar, Jaromir"]
[Black "Ahlers, Ben"]
[Result "1-0"]
[WhiteElo "2369"]
[BlackElo "2184"]
[EventDate "2006.10.20"]
[PlyCount "99"]

1.e4 e6 2.d3 d5 3.Nd2 Nf6 4.g3 dxe4 5.dxe4 e5 6.Ngf3 Nc6 7.Bg2 Bc5 8.O-O 
O-O 9.Qe2 Qe7 10.c3 a5 11.Nc4 b6 12.Nh4 Ba6 13.Nf5 Qe6 14.b3 g6 15.Bh6 
Rfd8 16.Nfe3 b5 17.Nb2 b4 18.Nbc4 bxc3 19.Nd5 Nd4 20.Qe3 Ne8 21.Qg5 c6 22.
Nde3 f6 23.Qh4 Bxc4 24.Nxc4 Nd6 25.Ne3 Nf7 26.Kh1 Nxh6 27.Qxh6 Bf8 28.Qh4 
a4 29.bxa4 Rxa4 30.Bh3 Qe7 31.f4 exf4 32.Qxf4 Bg7 33.Ng4 Ne2 34.Nxf6+ Bxf6
35.Qxf6 Qxf6 36.Rxf6 c2 37.Be6+ Kg7 38.Rf7+ Kh6 39.Bb3 Rxa2 40.Bxa2 Rd1+ 
41.Rf1 Rxa1 42.Rxa1 c1=Q+ 43.Rxc1 Nxc1 44.Bc4 Kg5 45.Kg2 Kf6 46.Kf3 Ke5 
47.Ke3 h6 48.h4 g5 49.hxg5 hxg5 50.g4 1-0

[Event "10th Essent op"]
[Site "Hoogeveen NED"]
[Date "2006.10.23"]
[Round "4.28"]
[White "Clemens, Adrian HP"]
[Black "Hulshof, Peter"]
[Result "1-0"]
[WhiteElo "2323"]
[BlackElo "2158"]
[EventDate "2006.10.20"]
[PlyCount "103"]

1.d4 g6 2.c4 Bg7 3.e4 c6 4.Nc3 d6 5.Nf3 Bg4 6.Be2 Bxf3 7.Bxf3 Qb6 8.d5 Qb4
9.Be2 cxd5 10.exd5 Nd7 11.O-O Ngf6 12.a3 Qb6 13.Be3 Qd8 14.Rc1 O-O 15.b4 
Nb6 16.Qb3 Qd7 17.h3 Ne8 18.Rfd1 Bxc3 19.Qxc3 Nf6 20.Qd4 Qf5 21.Bh6 Rfd8 
22.Rc3 Qe5 23.Qxe5 dxe5 24.Re3 e4 25.Bg5 Nbd7 26.c5 Kg7 27.f3 exf3 28.Bxf3
h6 29.Bf4 Re8 30.c6 bxc6 31.dxc6 Nb6 32.c7 e5 33.Bxa8 exf4 34.Rxe8 Nxe8 
35.Rc1 Nd6 36.Rc6 Nbc8 37.Rxd6 Nxd6 38.Bb7 Kf6 39.Kf2 Ke5 40.Ke2 Kd4 41.
c8=Q Nxc8 42.Bxc8 g5 43.Kd2 h5 44.b5 Kc5 45.a4 Kb4 46.Bd7 f5 47.Ke2 g4 48.
h4 Ka5 49.Kf2 Kb4 50.Be8 Ka5 51.Bxh5 Kxa4 52.Be8 1-0

[Event "10th Essent op"]
[Site "Hoogeveen NED"]
[Date "2006.10.23"]
[Round "4.29"]
[White "Potze, Rudolf"]
[Black "Mamedjarova, Turkan"]
[Result "1/2-1/2"]
[WhiteElo "2122"]
[BlackElo "2274"]
[EventDate "2006.10.20"]
[PlyCount "115"]

1.e4 e5 2.Nf3 Nf6 3.Nxe5 d6 4.Nf3 Nxe4 5.d4 d5 6.Bd3 Bd6 7.c4 c6 8.Nc3 
Nxc3 9.bxc3 dxc4 10.Bxc4 O-O 11.O-O Bg4 12.h3 Bh5 13.Re1 Nd7 14.Be2 Qc7 
15.Nd2 Bg6 16.Nc4 Bh2+ 17.Kh1 b5 18.Ne3 Rfe8 19.a4 Nf6 20.Bf3 Rad8 21.Nf1 
Bd6 22.Be3 b4 23.Qb3 bxc3 24.Qxc3 Be4 25.Bxe4 Nxe4 26.Qc4 Re6 27.Rec1 Bf4 
28.d5 Bxe3 29.fxe3 Nf2+ 30.Kg1 Nxh3+ 31.gxh3 Rg6+ 32.Kh1 Qd7 33.Ra2 Qxh3+ 
34.Nh2 Rxd5 35.Qf4 h6 36.Rf2 Kh7 37.Rg1 Rxg1+ 38.Kxg1 Rg5+ 39.Kh1 f5 40.
Qf3 Qh4 41.Qf4 Qh5 42.Rg2 Qd1+ 43.Qf1 Qd5 44.Qf3 Rxg2 45.Kxg2 Qe6 46.Qf4 
c5 47.Nf3 Qa2+ 48.Kg3 Qf7 49.Ne5 Qe6 50.e4 g6 51.exf5 gxf5 52.Nf3 Qf7 53.
Nh4 Qg7+ 54.Kf2 Qb2+ 55.Kg3 Qc3+ 56.Kf2 Qc2+ 57.Kg3 Qc3+ 58.Kf2 1/2-1/2

[Event "10th Essent op"]
[Site "Hoogeveen NED"]
[Date "2006.10.23"]
[Round "4.31"]
[White "Wempe, Joost"]
[Black "Van Weersel, Arlette"]
[Result "1/2-1/2"]
[WhiteElo "2268"]
[BlackElo "2156"]
[EventDate "2006.10.20"]
[PlyCount "92"]

1.d4 Nf6 2.c4 e6 3.Nf3 b6 4.e3 Bb7 5.Bd3 d5 6.O-O Bd6 7.b4 dxc4 8.Bxc4 O-O
9.a3 Nbd7 10.Bb2 Ng4 11.Nbd2 Ndf6 12.h3 Nh6 13.Qe2 a5 14.b5 Nd5 15.e4 Nf4 
16.Qe3 Ng6 17.Rfd1 Qe8 18.Qc3 f6 19.g3 Nf7 20.Qb3 Bc8 21.Bf1 Kh8 22.Nc4 a4
23.Nxd6 Nxd6 24.Qb4 Nxe4 25.Rac1 Ra7 26.Re1 Nd6 27.Rxc7 Rxc7 28.Qxd6 Rc2 
29.Bc1 Qd8 30.Qb4 Bb7 31.Bg2 Qc8 32.Be3 Qc3 33.Qb1 Rb2 34.Qd1 Qc2 35.Qxc2 
Rxc2 36.d5 Bxd5 37.Bxb6 Bxf3 38.Bxf3 Ne5 39.Be4 Rb2 40.Bc5 Rb8 41.f4 Nc4 
42.Bc6 Rd8 43.Bb4 e5 44.fxe5 Nxe5 45.Be4 Rb8 46.Rc1 g6 1/2-1/2

[Event "10th Essent op"]
[Site "Hoogeveen NED"]
[Date "2006.10.23"]
[Round "4.32"]
[White "Bensdorp, Marlies"]
[Black "Hendriks, Theo"]
[Result "1-0"]
[WhiteElo "2264"]
[BlackElo "2090"]
[EventDate "2006.10.20"]
[PlyCount "113"]

1.d4 Nf6 2.c4 g6 3.Nc3 Bg7 4.e4 d6 5.h3 O-O 6.Bg5 Nbd7 7.Bd3 c5 8.d5 a6 9.
Nf3 h6 10.Be3 b6 11.O-O Ne5 12.Nxe5 dxe5 13.Qd2 Kh7 14.Rab1 Nh5 15.Ne2 f5 
16.exf5 Bxf5 17.Bxf5 gxf5 18.Qc2 Kh8 19.f4 Qd6 20.fxe5 Qxe5 21.Qd2 Rf6 22.
Rf3 Rd8 23.b3 Qd6 24.Rbf1 e6 25.Nf4 Nxf4 26.Bxf4 e5 27.Bg3 Rdf8 28.Qc2 f4 
29.Be1 R6f7 30.Bc3 Kg8 31.Re1 Rf5 32.Re4 Rg5 33.Qe2 Qg6 34.Rf2 f3 35.Qc2 
fxg2 36.Rxf8+ Bxf8 37.Re2 Qh5 38.Qd3 Bg7 39.Qe3 Qf7 40.Rxg2 Rxg2+ 41.Kxg2 
Qg6+ 42.Kf2 Qc2+ 43.Qd2 Qf5+ 44.Kg2 Qg6+ 45.Kh2 Qd6 46.Qg2 Kh7 47.Qe4+ Kh8
48.Kg2 Qf6 49.Bd2 Kg8 50.h4 Bf8 51.h5 Bd6 52.Qf3 Qg7+ 53.Qg3 Bf8 54.Qxg7+ 
Kxg7 55.Kf3 Kf6 56.Ke4 a5 57.Bc1 1-0

[Event "10th Essent op"]
[Site "Hoogeveen NED"]
[Date "2006.10.23"]
[Round "4.33"]
[White "De Jong, Migchiel"]
[Black "Ten Hagen, Yorick"]
[Result "1/2-1/2"]
[WhiteElo "2263"]
[BlackElo "2077"]
[EventDate "2006.10.20"]
[PlyCount "133"]

1.e4 c5 2.Nf3 d6 3.c3 Nf6 4.Bd3 Bd7 5.O-O e6 6.Bc2 Bc6 7.Re1 Be7 8.d4 O-O 
9.c4 cxd4 10.Nxd4 Bd7 11.Nc3 a6 12.Bg5 Nc6 13.Nxc6 Bxc6 14.Qd3 g6 15.Rad1 
Qb6 16.b3 Nxe4 17.Be3 Nc5 18.Qd4 Qc7 19.b4 Nd7 20.Bh6 Bf6 21.Qd2 Rfe8 22.
Ne4 Bxe4 23.Bxe4 Rad8 24.Qxd6 Qxc4 25.Bxb7 Bc3 26.Re4 Qxa2 27.Bxa6 Bf6 28.
Bc4 Qa8 29.Qf4 Qa4 30.Rb1 Bc3 31.Qe3 Bh8 32.Rxe6 Rxe6 33.Bxe6 Ne5 34.Qb3 
Qa8 35.Bc4 Qe4 36.Bf1 Ng4 37.Be3 Be5 38.g3 Nxe3 39.fxe3 Rd2 40.Rd1 Rxd1 
41.Qxd1 Qxe3+ 42.Kg2 Qe4+ 43.Qf3 Qxb4 44.Qd5 Qb2+ 45.Kh3 Bd4 46.Bc4 Qf2 
47.Qe4 Kg7 48.Qe2 Qf6 49.Kg2 Qc6+ 50.Kh3 h5 51.Qf1 Bf6 52.Qd3 Be5 53.Qd5 
Qf6 54.Qe4 Bd6 55.Kg2 Qb2+ 56.Qe2 Qb7+ 57.Qf3 Qe7 58.Qe2 Be5 59.Qe4 Qc7 
60.Qd5 h4 61.gxh4 Qe7 62.Qf3 Qd7 63.h5 Qd2+ 64.Be2 Qg5+ 65.Qg4 Qxg4+ 66.
Bxg4 gxh5 67.Bxh5 1/2-1/2

[Event "10th Essent op"]
[Site "Hoogeveen NED"]
[Date "2006.10.23"]
[Round "4.34"]
[White "Mijnheer, Peter"]
[Black "Schenkeveld, Daniel"]
[Result "0-1"]
[WhiteElo "2232"]
[BlackElo "2036"]
[EventDate "2006.10.20"]
[PlyCount "68"]

1.e4 c5 2.Nf3 Nc6 3.d4 cxd4 4.Nxd4 Nf6 5.Nc3 e5 6.Ndb5 d6 7.Bg5 a6 8.Na3 
b5 9.Nd5 Be7 10.Bxf6 Bxf6 11.c3 O-O 12.Nc2 Rb8 13.h4 Be7 14.Nce3 b4 15.Bc4
bxc3 16.bxc3 Qa5 17.Qd3 Rd8 18.Nf5 Bxf5 19.exf5 Rb2 20.O-O Bxh4 21.Qh3 Bg5
22.Qh5 h6 23.Rad1 Rf8 24.f6 Qc5 25.Bb3 gxf6 26.Rd3 Kg7 27.Ne3 Ne7 28.Ng4 
Ng6 29.Rf3 e4 30.Rxf6 e3 31.Bxf7 Nh8 32.Rg6+ Kxf7 33.Rxg5+ Ke7 34.Rxc5 
exf2+ 0-1

[Event "10th Essent op"]
[Site "Hoogeveen NED"]
[Date "2006.10.23"]
[Round "4.35"]
[White "Kulago, Alexander"]
[Black "Giddins, Stephen"]
[Result "1/2-1/2"]
[WhiteElo "2114"]
[BlackElo "2197"]
[EventDate "2006.10.20"]
[PlyCount "32"]

1.Nf3 Nf6 2.c4 b6 3.g3 c5 4.Nc3 Bb7 5.Bg2 e6 6.O-O a6 7.d4 cxd4 8.Qxd4 d6 
9.e4 Nbd7 10.Rd1 Qc7 11.b3 Be7 12.Ba3 Nc5 13.e5 dxe5 14.Qxe5 Rc8 15.Qxc7 
Rxc7 16.Bc1 Nfe4 1/2-1/2

[Event "10th Essent op"]
[Site "Hoogeveen NED"]
[Date "2006.10.23"]
[Round "4.36"]
[White "Woudt, Edwin"]
[Black "Rooda, Kai P"]
[Result "1/2-1/2"]
[WhiteElo "2072"]
[BlackElo "2148"]
[EventDate "2006.10.20"]
[PlyCount "126"]

1.e4 Nc6 2.Nf3 d6 3.d4 Nf6 4.Nc3 Bg4 5.Be3 e6 6.h3 Bh5 7.Bb5 a6 8.Ba4 Nd7 
9.d5 exd5 10.Qxd5 Bxf3 11.gxf3 Ndb8 12.O-O-O Be7 13.f4 O-O 14.Rhg1 Bf6 15.
e5 Be7 16.Qg2 g6 17.Nd5 Kh8 18.Nxe7 Qxe7 19.exd6 cxd6 20.Qd5 Kg8 21.Bb3 
Nd7 22.Qxd6 Qxd6 23.Rxd6 Rfd8 24.Rgd1 Nf8 25.Rxd8 Rxd8 26.Rxd8 Nxd8 27.Bd5
Nfe6 28.Kd2 Kg7 29.c4 Kf6 30.Ke2 Kf5 31.Kf3 Nc6 32.Be4+ Kf6 33.Ke2 Ke7 34.
a3 Kd6 35.Kd3 f5 36.Bd5 b5 37.b4 bxc4+ 38.Bxc4 Nc7 39.Bc5+ Kd7 40.Bg8 h6 
41.Bf8 h5 42.Bf7 g5 43.Bxh5 Ne6 44.fxg5 Nf4+ 45.Kc4 Nxh5 46.b5 axb5+ 47.
Kxb5 Nd4+ 48.Kc4 Ne6 49.Bh6 Nef4 50.Kd4 Nxh3 51.Ke5 Nxf2 52.Kxf5 Nd3 53.g6
Ke8 54.a4 Ke7 55.a5 Nb4 56.Bg5+ Kf8 57.Bh6+ Kg8 58.Bd2 Na6 59.Ke6 Ng7+ 60.
Kd7 Nf5 61.Kc6 Nd4+ 62.Kb7 Nb3 63.Kxa6 Nxa5 1/2-1/2

[Event "10th Essent op"]
[Site "Hoogeveen NED"]
[Date "2006.10.23"]
[Round "4.37"]
[White "Dibala, Radovan"]
[Black "Doggers, Peter"]
[Result "0-1"]
[WhiteElo "2119"]
[BlackElo "2252"]
[EventDate "2006.10.20"]
[PlyCount "102"]

1.d4 Nf6 2.Nf3 g6 3.e3 Bg7 4.Bd3 O-O 5.O-O d6 6.Nbd2 Nbd7 7.c3 e5 8.e4 Re8
9.Re1 Nf8 10.h3 Nh5 11.Nf1 Ne6 12.dxe5 dxe5 13.Bb5 c6 14.Qxd8 Rxd8 15.Bc4 
Nhf4 16.Bxf4 Nxf4 17.Red1 Rf8 18.Rd2 Ne6 19.Ne3 Nc5 20.Bd3 Nxd3 21.Rxd3 f5
22.Nd2 Be6 23.f3 Rfd8 24.Rxd8+ Rxd8 25.Nef1 Bh6 26.Nb3 Kf7 27.Kf2 b6 28.
Ke1 a5 29.Nbd2 Kf6 30.b3 b5 31.Rd1 a4 32.Ke2 axb3 33.axb3 Ra8 34.Kd3 Ra2 
35.Rb1 Ke7 36.Ne3 c5 37.c4 bxc4+ 38.bxc4 Ra3+ 39.Rb3 Rxb3+ 40.Nxb3 Bxe3 
41.Kxe3 Kd6 42.Kd3 f4 43.Nd2 g5 44.Kc3 h5 45.Kd3 g4 46.hxg4 hxg4 47.Kc3 g3
48.Kd3 Bh3 49.Ke2 Bxg2 50.Nb3 Bh3 51.Nc1 Bd7 0-1

[Event "10th Essent op"]
[Site "Hoogeveen NED"]
[Date "2006.10.23"]
[Round "4.38"]
[White "Wielenga, Wiebe"]
[Black "Hendriks, Richard V"]
[Result "1/2-1/2"]
[WhiteElo "2154"]
[BlackElo "2106"]
[EventDate "2006.10.20"]
[PlyCount "49"]

1.Nf3 c5 2.e4 e6 3.d4 cxd4 4.Nxd4 Qb6 5.Nb3 d6 6.Nc3 a6 7.Bd3 Nf6 8.O-O 
Nbd7 9.Qe2 Be7 10.Kh1 h5 11.Bd2 Kf8 12.Rae1 h4 13.h3 Qc7 14.Bf4 b5 15.Bh2 
Bb7 16.a3 Qb6 17.f4 Nh5 18.Qe3 Qxe3 19.Rxe3 Nb6 20.Na5 Bc8 21.Nc6 Bb7 22.
Na5 Bc8 23.Nc6 Bb7 24.Na5 Bc8 25.Nc6 1/2-1/2

[Event "10th Essent op"]
[Site "Hoogeveen NED"]
[Date "2006.10.23"]
[Round "4.39"]
[White "Van der Veen, Jan"]
[Black "Goudriaan, Etienne"]
[Result "1-0"]
[WhiteElo "2142"]
[BlackElo "2065"]
[EventDate "2006.10.20"]
[PlyCount "147"]

1.e4 c5 2.Nc3 Nc6 3.f4 g6 4.Bb5 Bg7 5.Bxc6 dxc6 6.d3 b6 7.Nf3 Nf6 8.O-O 
O-O 9.Qe1 Qc7 10.Bd2 Nh5 11.Qh4 Bf6 12.Qf2 Bh8 13.f5 e6 14.g4 Nf6 15.Qh4 
exf5 16.exf5 a5 17.g5 Nh5 18.f6 Bf5 19.Rae1 Rae8 20.Rxe8 Rxe8 21.Re1 Rxe1+
22.Qxe1 h6 23.h4 Be6 24.Qe5 Qd7 25.b3 Bg4 26.Nh2 Bh3 27.Ne4 Be6 28.Qd6 Qc8
29.Ng3 Nxf6 30.gxf6 Bxf6 31.Qf4 Bg7 32.Nf3 Bd5 33.c4 Bxf3 34.Qxf3 Qh3 35.
h5 gxh5 36.Qg2 Qg4 37.Ne2 Kh7 38.Bf4 b5 39.Kf2 Bd4+ 40.Nxd4 Qxf4+ 41.Nf3 
a4 42.Qh1 Qf5 43.Ke2 Kg7 44.Qa1+ f6 45.Qg1+ Kf7 46.Qe3 axb3 47.axb3 bxc4 
48.bxc4 Qe6 49.Kf2 Qd6 50.Ke2 Kg7 51.Qe4 Qd7 52.Kd2 Qc8 53.Nh4 Qg4 54.
Qxg4+ hxg4 55.Ke3 Kf7 56.Kf4 h5 57.Kf5 g3 58.Kf4 Ke6 59.Ng2 Kd6 60.Kxg3 
Ke5 61.Kf3 Kf5 62.Nh4+ Ke5 63.Ke3 Ke6 64.Kf4 Ke7 65.Kf5 Kf7 66.Nf3 Ke7 67.
Nh4 Kf7 68.Ng2 Kg7 69.Nf4 h4 70.Kg4 Kh6 71.Kxh4 f5 72.Ne6 Kg6 73.Nxc5 Kf6 
74.d4 1-0

[Event "10th Essent op"]
[Site "Hoogeveen NED"]
[Date "2006.10.23"]
[Round "4.40"]
[White "Ebels, Theo"]
[Black "Drost, Peter"]
[Result "1-0"]
[WhiteElo "2101"]
[BlackElo "2137"]
[EventDate "2006.10.20"]
[PlyCount "67"]

1.d4 g6 2.c4 Bg7 3.Nc3 c5 4.Nf3 d6 5.e3 Nc6 6.Be2 Bg4 7.d5 Bxf3 8.gxf3 Nb8
9.Qc2 Nf6 10.f4 O-O 11.Bd2 e6 12.Bf3 Na6 13.a3 Nc7 14.dxe6 fxe6 15.h4 Rb8 
16.h5 gxh5 17.O-O-O b5 18.Nxb5 Nxb5 19.cxb5 d5 20.Bc3 Rxb5 21.Bxh5 d4 22.
Be2 Rb7 23.exd4 Qb8 24.dxc5 Qxf4+ 25.Kb1 Rfb8 26.c6 Rxb2+ 27.Bxb2 Ne8 28.
Rhg1 Qf6 29.Rxg7+ Qxg7 30.Ka2 e5 31.Rd7 Qh6 32.Qc4+ Kh8 33.Bxe5+ Nf6 34.
Rxh7+ 1-0

[Event "10th Essent op"]
[Site "Hoogeveen NED"]
[Date "2006.10.23"]
[Round "4.41"]
[White "Friesen, Boris"]
[Black "Galje, Hans"]
[Result "1/2-1/2"]
[WhiteElo "2154"]
[BlackElo "2110"]
[EventDate "2006.10.20"]
[PlyCount "51"]

1.e4 e6 2.d4 d5 3.Nc3 Bb4 4.Ne2 Nf6 5.Bg5 dxe4 6.a3 Be7 7.Bxf6 Bxf6 8.Nxe4
O-O 9.Qd2 Nd7 10.O-O-O b6 11.N2g3 Bb7 12.Kb1 Be7 13.f3 Nf6 14.Nxf6+ Bxf6 
15.Ne4 Be7 16.Bc4 c6 17.Qf4 b5 18.Bb3 Qb6 19.h4 Rad8 20.Ng5 c5 21.dxc5 
Bxc5 22.Qg4 h6 23.Ne4 Be7 24.Ng3 Rxd1+ 25.Rxd1 Rd8 26.Rxd8+ 1/2-1/2

[Event "10th Essent op"]
[Site "Hoogeveen NED"]
[Date "2006.10.23"]
[Round "4.42"]
[White "Van Geffen, Ben"]
[Black "Malinarski, Yehuda"]
[Result "1-0"]
[WhiteElo "2132"]
[BlackElo "2126"]
[EventDate "2006.10.20"]
[PlyCount "79"]

1.e4 c5 2.Nf3 d6 3.d4 cxd4 4.Nxd4 Nf6 5.Nc3 a6 6.Bg5 e6 7.f4 Be7 8.Qf3 Qc7
9.O-O-O Nbd7 10.Bd3 h6 11.Bh4 g5 12.fxg5 Ne5 13.Qe2 Nfg4 14.h3 hxg5 15.Bg3
Nxd3+ 16.cxd3 Ne5 17.Kb1 Ng6 18.Rhf1 O-O 19.Nf3 Bd7 20.Nh2 Kg7 21.Ng4 f6 
22.Ne3 b5 23.Rc1 Qb7 24.Qd2 Rac8 25.Ne2 Qb6 26.d4 Rxc1+ 27.Rxc1 Rc8 28.
Rxc8 Bxc8 29.d5 Bb7 30.Bf2 Kg8 31.Nd4 exd5 32.Nxd5 Bxd5 33.exd5 Qb7 34.Nf5
Qd7 35.Qd3 Nf4 36.Qe4 Kf7 37.Nd4 Bd8 38.Qh7+ Ke8 39.Qg8+ Ke7 40.Nc6+ 1-0

[Event "10th Essent op"]
[Site "Hoogeveen NED"]
[Date "2006.10.24"]
[Round "5.1"]
[White "Gurevich, Mikhail"]
[Black "Brodsky, Mikhail"]
[Result "0-1"]
[WhiteElo "2648"]
[BlackElo "2566"]
[EventDate "2006.10.20"]
[PlyCount "112"]

1.c4 Nf6 2.d4 e6 3.Nc3 Bb4 4.Qc2 d5 5.cxd5 exd5 6.Bg5 c5 7.dxc5 h6 8.Bxf6 
Qxf6 9.e3 O-O 10.Ne2 Na6 11.Nd4 Nxc5 12.Be2 Bxc3+ 13.bxc3 Bd7 14.O-O Ba4 
15.Qb2 Rac8 16.Rac1 b6 17.c4 dxc4 18.Qb4 Bd7 19.Bxc4 Rfd8 20.Qa3 Rc7 21.
Be2 Rdc8 22.Nb5 Bxb5 23.Bxb5 Ne4 24.Rxc7 Rxc7 25.Qd3 Nc3 26.a4 g6 27.e4 
Rc8 28.Qd7 Qd8 29.Qxa7 Nxe4 30.Qd7 Qxd7 31.Bxd7 Rc7 32.Bb5 Nc3 33.Re1 Rc5 
34.Be8 Rc4 35.g3 Kf8 36.Bd7 Nxa4 37.Re8+ Kg7 38.Rb8 Nc5 39.Bb5 Rb4 40.Rxb6
Ne4 41.Bc6 Rxb6 42.Bxe4 Rb2 43.h4 Rd2 44.Kg2 Kf6 45.Kf3 Ra2 46.Bd5 Ra3+ 
47.Kf4 Ra5 48.Bc6 Rc5 49.Bb7 Ke6 50.Be4 Rc3 51.g4 Rh3 52.Bg2 Rxh4 53.Kg3 
g5 54.f4 h5 55.Bf3 hxg4 56.Be2 Kf5 0-1

[Event "10th Essent op"]
[Site "Hoogeveen NED"]
[Date "2006.10.24"]
[Round "5.2"]
[White "Postny, Evgeny"]
[Black "Goloshchapov, Alexander"]
[Result "1/2-1/2"]
[WhiteElo "2609"]
[BlackElo "2552"]
[EventDate "2006.10.20"]
[PlyCount "56"]

1.c4 Nf6 2.d4 e6 3.Nf3 b6 4.g3 Ba6 5.Qa4 Bb7 6.Bg2 c5 7.dxc5 Bxc5 8.O-O 
O-O 9.Nc3 Be7 10.Bf4 Na6 11.Rfd1 Nc5 12.Qc2 Qc8 13.Rac1 Nce4 14.Nd4 Nxc3 
15.Qxc3 a6 16.Qb3 Bxg2 17.Kxg2 Qb7+ 18.Qf3 Ra7 19.Qxb7 Rxb7 20.f3 Rc8 21.
e4 Kf8 22.Ne2 Ne8 23.b3 Ba3 24.Rc3 Ke7 25.h4 Bb4 26.Rcc1 Ba3 27.Rc3 Bb4 
28.Rcc1 Ba3 1/2-1/2

[Event "10th Essent op"]
[Site "Hoogeveen NED"]
[Date "2006.10.24"]
[Round "5.3"]
[White "Piskov, Yury"]
[Black "Cheparinov, Ivan"]
[Result "1/2-1/2"]
[WhiteElo "2452"]
[BlackElo "2632"]
[EventDate "2006.10.20"]
[PlyCount "68"]

1.d4 d6 2.e3 g6 3.Nf3 Bg7 4.Be2 f5 5.Nc3 Nf6 6.h4 O-O 7.b3 h6 8.Bb2 c6 9.
Bd3 Na6 10.a3 Qe8 11.Qe2 e5 12.dxe5 dxe5 13.Bxa6 bxa6 14.O-O-O e4 15.Nd4 
Kh8 16.Qc4 Bd7 17.Rd2 Ng4 18.Rhd1 f4 19.Re1 fxe3 20.fxe3 Qe7 21.Nxc6 Bxc6 
22.Qxc6 Qxh4 23.Ree2 Rac8 24.Qxg6 Ne5 25.Qxa6 Rc6 26.Qa4 Rf1+ 27.Nd1 Nd3+ 
28.Rxd3 Bxb2+ 29.Kxb2 exd3 30.Qxh4 dxe2 31.Qd8+ Kg7 32.Qd7+ Kf8 33.Qd8+ 
Kf7 34.Qd7+ Kf8 1/2-1/2

[Event "10th Essent op"]
[Site "Hoogeveen NED"]
[Date "2006.10.24"]
[Round "5.4"]
[White "Peng, Zhaoqin"]
[Black "l`Ami, Erwin"]
[Result "0-1"]
[WhiteElo "2437"]
[BlackElo "2593"]
[EventDate "2006.10.20"]
[PlyCount "112"]

1.d4 Nf6 2.c4 g6 3.Nc3 d5 4.Nf3 Bg7 5.Bg5 Ne4 6.cxd5 Nxg5 7.Nxg5 e6 8.Qd2 
h6 9.Nh3 exd5 10.Nf4 O-O 11.e3 Re8 12.Be2 c6 13.O-O Bf8 14.Rfe1 Nd7 15.Bd3
Nf6 16.Qc2 Bd6 17.g3 Kg7 18.a3 h5 19.h4 Bg4 20.Kg2 Rc8 21.Nh3 c5 22.dxc5 
Bxc5 23.Ng5 a6 24.Qb3 Rc7 25.Be2 Rd7 26.Rad1 Re5 27.Bf3 d4 28.exd4 Rxe1 
29.Rxe1 Bxd4 30.Nce4 Qb6 31.Qxb6 Bxb6 32.Nxf6 Bxf3+ 33.Kxf3 Kxf6 34.Rc1 
Rd3+ 35.Kf4 Rb3 36.Rc2 Bd4 37.Ke4 Bb6 38.Nf3 Rb5 39.Rd2 Ke6 40.Re2 Kf6 41.
Rd2 Ke7 42.Ne5 Ke6 43.Nc4 Bc7 44.Rc2 Rb3 45.Re2 b5 46.Kd4+ Kf6 47.Ne3 Be5+
48.Kc5 Bxb2 49.Kb6 Bd4+ 50.Kxa6 Rxa3+ 51.Kxb5 Bxe3 52.fxe3 Ke5 53.Kc4 Ke4 
54.Rf2 f5 55.Rf4+ Kxe3 56.Kd5 Ke2 0-1

[Event "10th Essent op"]
[Site "Hoogeveen NED"]
[Date "2006.10.24"]
[Round "5.5"]
[White "Werle, Jan"]
[Black "Willemze, Thomas"]
[Result "1-0"]
[WhiteElo "2551"]
[BlackElo "2384"]
[EventDate "2006.10.20"]
[PlyCount "71"]

1.Nf3 Nf6 2.c4 e6 3.Nc3 Bb4 4.Qb3 c5 5.g3 O-O 6.Bg2 d6 7.O-O Nc6 8.d3 Rb8 
9.a3 Bxc3 10.bxc3 b6 11.e4 Na5 12.Qc2 e5 13.a4 Ne8 14.Nh4 f6 15.Nf5 d5 16.
cxd5 Bxf5 17.exf5 Nd6 18.f4 c4 19.fxe5 fxe5 20.dxc4 Naxc4 21.Qe2 Rc8 22.
Qh5 Rc7 23.g4 Rcf7 24.Rf3 h6 25.Ra2 Qc7 26.Rh3 Qc5+ 27.Kh1 e4 28.Bxh6 Qxd5
29.Be3 Rf6 30.Bd4 Ne5 31.Re2 Qc4 32.Re1 Rh6 33.Qg5 Ndf7 34.Qe3 Nxg4 35.Qg3
Rxh3 36.Bxh3 1-0

[Event "10th Essent op"]
[Site "Hoogeveen NED"]
[Date "2006.10.24"]
[Round "5.6"]
[White "Schuurman, Petra"]
[Black "Rogers, Ian"]
[Result "0-1"]
[WhiteElo "2239"]
[BlackElo "2526"]
[EventDate "2006.10.20"]
[PlyCount "136"]

1.Nf3 d6 2.d4 Bg4 3.c4 Nd7 4.Qb3 Rb8 5.h3 Bh5 6.g4 Bg6 7.Bg5 Ngf6 8.Nc3 e6
9.Bg2 Be7 10.Nh4 Be4 11.Bxe4 Nxe4 12.Bxe7 Qxe7 13.Nxe4 Qxh4 14.O-O-O O-O 
15.Qd3 Nb6 16.d5 Rbe8 17.Ng3 Qf6 18.Ne4 Qe5 19.f3 f5 20.gxf5 exf5 21.Nc3 
Qf4+ 22.Kb1 Qxc4 23.Qxc4 Nxc4 24.Rd4 Nb6 25.Rhd1 a6 26.Rb4 Re5 27.a4 Rb8 
28.a5 Nd7 29.Rc4 Rc8 30.Rd2 Nf6 31.Rb4 Rb8 32.Rc4 Ne8 33.Kc2 Re7 34.Kd1 
Kf7 35.b4 Ra8 36.Rb2 g5 37.Kd2 Kg6 38.Rb1 h6 39.b5 axb5 40.Rxb5 Ra7 41.e3 
Ra6 42.Rcb4 Nf6 43.Rxb7 Rxa5 44.R4b5 Ra3 45.Rb3 Ra6 46.R3b4 Ra5 47.R4b5 
Ra8 48.Rb8 Ra3 49.Rb3 Ra6 50.R3b7 Re5 51.f4 gxf4 52.exf4 Re7 53.Rc8 Ne4+ 
54.Nxe4 Rxe4 55.Rbxc7 Ra5 56.Rg8+ Kh5 57.Rh7 Rxd5+ 58.Kc3 Rxf4 59.Rgh8 Kh4
60.Rxh6+ Kg3 61.Rg8+ Kf2 62.Rgg6 Rf3+ 63.Kc4 Rd1 64.Rxd6 Rxh3 65.Rxd1 Rxh6
66.Kd5 f4 67.Ke4 f3 68.Rd2+ Kg3 0-1

[Event "10th Essent op"]
[Site "Hoogeveen NED"]
[Date "2006.10.24"]
[Round "5.7"]
[White "Smeets, Jan"]
[Black "Okkes, Menno"]
[Result "1-0"]
[WhiteElo "2525"]
[BlackElo "2355"]
[EventDate "2006.10.20"]
[PlyCount "73"]

1.e4 c5 2.Nf3 Nc6 3.Bb5 d6 4.O-O Bd7 5.Re1 a6 6.Bf1 e5 7.c3 g6 8.d4 Bg7 9.
dxc5 dxc5 10.Nbd2 Nge7 11.Nc4 O-O 12.a4 Be6 13.Qxd8 Raxd8 14.a5 Rc8 15.Be3
Nd4 16.cxd4 cxd4 17.Bg5 f6 18.Nb6 fxg5 19.Nxg5 Bb3 20.Nxc8 Rxc8 21.Rec1 
Bc2 22.Ra3 Bf6 23.Nf3 Bxe4 24.Re1 Bxf3 25.Rxf3 Kg7 26.Rb3 Rc7 27.Bd3 Nc6 
28.Ra1 Bg5 29.Kf1 Bd2 30.Be4 Nxa5 31.Rb6 Nc6 32.Ke2 Bg5 33.Bxc6 bxc6 34.
Rbxa6 e4 35.Ra7 Re7 36.R1a6 d3+ 37.Kd1 1-0

[Event "10th Essent op"]
[Site "Hoogeveen NED"]
[Date "2006.10.24"]
[Round "5.10"]
[White "Swinkels, Robin"]
[Black "Ikonnikov, Vyacheslav"]
[Result "1/2-1/2"]
[WhiteElo "2378"]
[BlackElo "2587"]
[EventDate "2006.10.20"]
[PlyCount "89"]

1.e4 c5 2.Nf3 Nc6 3.d4 cxd4 4.Nxd4 Nf6 5.Nc3 e5 6.Ndb5 d6 7.Bg5 a6 8.Na3 
b5 9.Nd5 Be7 10.Bxf6 Bxf6 11.c3 Bg5 12.Nc2 O-O 13.a4 bxa4 14.Rxa4 a5 15.
Bc4 Rb8 16.b3 Kh8 17.O-O f5 18.exf5 Bxf5 19.Nce3 Bg6 20.Bd3 Bf7 21.Be4 Bg8
22.Nc4 Rb5 23.Na3 Rc5 24.Rc4 Qb8 25.Rxc5 dxc5 26.Qc2 Rd8 27.Rd1 Ne7 28.
Nxe7 Bxe7 29.Rb1 Qc8 30.c4 Qg4 31.Nb5 Bg5 32.Bf3 Qf4 33.Nc3 Rd2 34.Qe4 h6 
35.Qxf4 exf4 36.Ne4 Ra2 37.Nxc5 Be7 38.Nb7 a4 39.bxa4 Bxc4 40.a5 g6 41.g3 
Ba6 42.Kg2 fxg3 43.hxg3 Bxb7 44.Bxb7 Rxa5 45.Be4 1/2-1/2

[Event "10th Essent op"]
[Site "Hoogeveen NED"]
[Date "2006.10.24"]
[Round "5.11"]
[White "Dvoirys, Semen I"]
[Black "Ris, Robert"]
[Result "1-0"]
[WhiteElo "2553"]
[BlackElo "2367"]
[EventDate "2006.10.20"]
[PlyCount "77"]

1.e4 e5 2.Nf3 Nc6 3.Bb5 a6 4.Ba4 Nf6 5.O-O Nxe4 6.d4 b5 7.Bb3 d5 8.dxe5 
Be6 9.c3 Be7 10.Nbd2 O-O 11.Bc2 f5 12.exf6 Nxf6 13.Nb3 Bg4 14.Qd3 Qd7 15.
Nbd4 Nxd4 16.Nxd4 Bd6 17.f3 Bh5 18.Bg5 Bg6 19.Qd2 Bxc2 20.Qxc2 Rae8 21.
Rfe1 c5 22.Nf5 Bb8 23.Rxe8 Qxe8 24.Qd2 Qe6 25.g4 Re8 26.Bxf6 Qxf6 27.Qxd5+
Kh8 28.Qd7 Qf8 29.Rd1 c4 30.Ng3 Re3 31.Qf5 Qe8 32.Ne4 Re2 33.Rd7 h6 34.h4 
Rxb2 35.Qd5 Rb1+ 36.Kf2 Rb2+ 37.Kf1 Rb1+ 38.Ke2 Kh7 39.Rd8 1-0

[Event "10th Essent op"]
[Site "Hoogeveen NED"]
[Date "2006.10.24"]
[Round "5.12"]
[White "Van der Elburg, Freddie"]
[Black "Khairullin, Ildar"]
[Result "0-1"]
[WhiteElo "2359"]
[BlackElo "2543"]
[EventDate "2006.10.20"]
[PlyCount "134"]

1.c4 e5 2.g3 Nf6 3.Bg2 Bc5 4.Nc3 O-O 5.e3 c6 6.d4 exd4 7.exd4 Bb4 8.Ne2 d5
9.cxd5 Nxd5 10.O-O Be6 11.a3 Ba5 12.Ne4 Nd7 13.Nc5 Nxc5 14.dxc5 Bg4 15.Qc2
Bc7 16.Nc3 Nxc3 17.Qxc3 Re8 18.Be3 Be5 19.Qb4 Qd7 20.f3 Bf5 21.Rad1 Qc7 
22.Bd4 Bxd4+ 23.Qxd4 Rad8 24.Qc3 h5 25.Rfe1 Rxd1 26.Rxd1 Re5 27.f4 Re8 28.
b4 Qe7 29.Qd2 Bg4 30.Rf1 Rd8 31.Re1 Qxc5+ 32.bxc5 Rxd2 33.Re8+ Kh7 34.Re7 
Rd7 35.Be4+ g6 36.Re8 Rd1+ 37.Kg2 Rd2+ 38.Kf1 Kg7 39.Rb8 Rd4 40.Bc2 Rd7 
41.Bb3 Kf6 42.Ke1 Be6 43.Bc2 Bc4 44.Bd1 Kf5 45.Bf3 Bd5 46.Kf2 Bxf3 47.Kxf3
Rd3+ 48.Kg2 Rb3 49.a4 Ke6 50.Re8+ Kd5 51.Re7 f5 52.Rg7 Rb2+ 53.Kf3 Kxc5 
54.Rxg6 a5 55.Rg5 b5 56.Rxf5+ Kb4 57.axb5 cxb5 58.Re5 a4 59.f5 Rd2 60.f6 
Rd8 61.g4 hxg4+ 62.Kxg4 a3 63.Kf5 a2 64.Re4+ Ka3 65.Re3+ Ka4 66.Re1 b4 67.
f7 Rf8 0-1